000 00376nam a2200145Ia 4500
008 230711s9999||||xx |||||||||||||| ||und||
041 _aENG
082 _a5
_bJA-C
100 _aJayasri,J
245 4 _aThe 'C' language trainer with C graphics and C++
250 _a1st Ed.
260 _c1993
_aNew Delhi
_bWiley Eastern Limited
650 _aComputer Engineering
942 _cBK
999 _c2374
_d2374